00510nam a2200193Ia 450000500170000000800410001702000180005804100120007608200150008810000190010324500640012225000120018626000460019830000150024465000160025965000150027565000110029070000150030120260429112056.0260429s9999||||xx |||||||||||||| ||und|| a9789393393333 aEnglish a371.9bCHE aCherian, Titto 0aDisability and inclusive sports education / cTitto Cherian a1st ed. aNew Delhi : bKHEL Sahitya Kendra,c2024. a198 p.; hb a Disability a Education aSports a Remya, N.